| 000 | 00539nam a2200181Ia 4500 | ||
|---|---|---|---|
| 003 | OSt | ||
| 005 | 20200323094228.0 | ||
| 008 | 190216s9999||||xx |||||||||||||| ||und|| | ||
| 020 | _a9788131310403 | ||
| 040 | _coclc | ||
| 082 |
_a297.03 _bAHM/E |
||
| 100 |
_aAhmed, Salahuddin _92142 |
||
| 245 | 0 |
_aEncyclopaedia Of Islam Vol 1 / _cSalahuddin Ahmed |
|
| 260 |
_bA P H Publishing Corporation, _c2011. _aNew Delhi: |
||
| 300 | _a151p | ||
| 650 | _aIslamic History | ||
| 942 |
_cBK _2ddc _h297.03 _iAHM/E _k297.03 _mAHM/E |
||
| 999 |
_c23190 _d23190 |
||